000 01117cgm a2200313 4500
001 J92227
008 090401t1998 xxu||||| |||| 00| 0 eng d
035 _a(Sirsi) u86740
041 _aeng
050 _a346.410434
100 _aHollis, Malcolm
245 _aDilapidations update 1998 (sound recording).
260 _aLondon
_bRICS
_c1998
300 _a1 sound cassette (60 min.)
350 _a14.1
490 _aOwlion Audio Programme
520 _aConsiders the progress of dilapidations since 1996 and should be listened to in conjunction with the tape Dilapidations 1996. Concentrates on the latest developments and provides practical tips to assist practitioners in this important area of landlord and tenant relations.
650 _aAUDIO CASSETTES
650 _aDilapidations
_96235
690 _aLandlord and tenant
_96252
700 _aDay, Alan
700 _aShapiro, Eric F.
700 _aWoodman, John
700 _aMcIntosh, Milton
710 _aRoyal Institution of Chartered Surveyors
_94900
710 _aCollege of Estate Management
_9400
942 _n0
948 _c09/06/1998
999 _c85363
_d85363